| 000 | 00822nam a2200205 a 4500 | ||
|---|---|---|---|
| 003 | 0 | ||
| 005 | 20250430152939.0 | ||
| 008 | 970114s19uu xx 00 eng d | ||
| 050 |
_aPGS GV 709 _b.Ag283 2003 |
||
| 100 | _aAguilan, Luis Antonio Severino P. | ||
| 245 |
_aSports preferences of the grade school male graduating students of Southville International School (SY 2002-2003) / _cLuis Antonio Severino P. Aguilan. |
||
| 260 |
_aLas PiƱas City, Philippines : _bSouthville International School and Colleges, _c2003. |
||
| 300 |
_a22 pages : _bcolored illustrations ; _c28 cm. |
||
| 504 | _aIncludes bibliographical references. | ||
| 650 | _aSports for children. | ||
| 650 |
_aAthletes _vTraining of. |
||
| 650 |
_aSports _vPsychological aspects. |
||
| 650 | _aPhysical education and training. | ||
| 942 |
_2lcc _cPASS |
||
| 999 |
_c96823 _d96823 |
||